Statistics for National Anthem of Sweden - ''Du gamla, du fria''

Click here to take the quiz!

General Stats

  • This quiz has been taken 23 times
  • The average score is 51 of 76

Answer Stats

Answer% Correct
Du
100%
du
100%
du
100%
du
100%
du
100%
fjällhöga
100%
fria,
100%
gamla,
100%
nord
100%
tysta,
100%
sköna!
92%
glädjerika
83%
Jag
83%
ängder
75%
din
75%
din
75%
dina
75%
gröna.
75%
himmel,
75%
sol,
75%
är
67%
att
67%
67%
da'r,
67%
dig,
67%
ditt
67%
Du
67%
du
67%
flög
67%
från
67%
Jag
67%
jord,
67%
jorden.
67%
land
67%
namn
67%
och
67%
över
67%
67%
uppå
67%
vänaste
67%
vet
67%
ängder
58%
ärat
58%
blir
58%
Din
58%
din
58%
dina
58%
58%
du
58%
du
58%
fornstora
58%
gröna.
58%
himmel,
58%
i
58%
Ja,
58%
Ja,
58%
jag
58%
jag
58%
jag
58%
leva,
58%
Norden.
58%
sol,
58%
tronar
58%
vad
58%
var.
58%
vill
58%
vill
58%
50%
i
50%
jag
50%
leva,
50%
minnen
50%
Norden.
50%
vill
50%
vill
50%
hälsar
42%

Score Distribution

Percentile by Number Answered

Percent of People with Each Score

Your Score History

You have not taken this quiz